000 01367nam a2200301 a 4500
003 DO-SdBNP
005 20221116103418.0
007 ta
008 221116e20172022dr |||gr|||| 001 edspa d
020 _a9789945250268
040 _aDO-SdBNP
_bspa
_cBNPHU
082 4 _222
_bP659s 2022
245 1 0 _aSanto Domingo:
_buna colonia en la encrucijada 1790 - 1820. /
_cAntonio Jesús Pinto Tortosa
250 _a2da. ed.
260 _aSanto Domingo :
_bArchivo General de la Nación,
_c2022
300 _a392 p. ;
_c23 cm.
490 _aArchivo General de la Nación ;
_v444
500 _aIncluye datos biográficos del autor en las solapas de las cubiertas.
500 _aIncluye bibliografía y notas al pié de páginas.
500 _aIncluye índice onomástico p. 379 - 388
504 _aBibliograf 377 - 353
505 _aNota del autor a la primera edición.-- Nota del autor a la segunda edición.--
505 _aIntroducción.
_tMarco Teórico.
_gPrimera Parte.
_tLa habilidad diplomática española
_gSegunda parte.
_tLa Guerra Franco-Española en el Caribe.--
_gTercera parte.
_tLa lealtad dominicana.--
_gCuarta parte.
_tLas invasiones negras.--
_gQuinta parte.
_tLa guerra de reconquista.--
590 _aInventariado 2022 / MF
710 2 _aForo para el Estudio de la Historia Militar de España (FEHME)
_982831
910 _aMFeliz
942 _2ddc
_cLBS1
999 _c52950
_d52950